Trh práce v krajinách Európskej únie

Základné informácie o právach občanov pri hľadaní a uchádzaní sa o prácu a o pracovnom prostredí v Českej republike, Poľsku a v Maďarskej republike. Užitočné adresy, telefónne čísla a webové stránky.

Saved in:
Bibliographic Details
Main Author: Poklembová, Antónia
Other Authors: Reichová, Zuzana, Murová, Erika
Format: Book Chapter
Language:Slovak
Subjects:
Tags: Add Tag
No Tags, Be the first to tag this record!

MARC

LEADER 00000naa$a2200000$$$4500
001 0056745
005 20231109091537.3
041 0 |a slo 
044 |a SK 
245 1 0 |a Trh práce v krajinách Európskej únie  |c Antónia Poklembová, Zuzana Reichová, Erika Murová 
520 |a Základné informácie o právach občanov pri hľadaní a uchádzaní sa o prácu a o pracovnom prostredí v Českej republike, Poľsku a v Maďarskej republike. Užitočné adresy, telefónne čísla a webové stránky. 
610 2 0 |a trh práce 
610 2 0 |a práca 
610 2 0 |a prostredie pracovné 
610 2 0 |a vzdelávanie 
610 2 0 |a kvalifikácia 
610 2 0 |a podmienky životné 
610 2 0 |a Európska únia 
100 1 |a Poklembová, Antónia 
700 1 |a Reichová, Zuzana 
700 1 |a Murová, Erika